000 00770cam a22002177a 4500
020 _a0764541803
040 _cUKM
082 0 0 _a778 WIL 2003 A088 Or.
100 1 _aBlake, Bonnie.
245 1 0 _a50 fast digital video techniques /
246 3 _aFifty fast digital video techniques
260 _aHoboken, N.J. :
_bWiley Pub.,
_cc2003.
300 _axxvi, 325 p., [32] p. of plates :
_bill. (some col.) ;
_c23 cm. +
_e1 CD-ROM (4 3/4 in.)
650 0 _aDigital cinematography.
650 0 _aDigital video
700 1 _aSahlin, Doug.
856 4 2 _uhttp://www.loc.gov/catdir/bios/wiley046/2003105634.html
856 4 2 _uhttp://www.loc.gov/catdir/description/wiley041/2003105634.html
856 4 1 _uhttp://www.loc.gov/catdir/toc/wiley041/2003105634.html
942 _cEK
999 _c14128
_d14128